00386 a2200145 450000100060000002000180000604000240002410000290004824000560007724500510013330000060018436200060019044000130019665000310020946149 a85-7488-172-4 cAnchieta - Aquarius aAndrade, Carlos Drummond10aAntologia de poesia brasileira para criançaslpor10aAntologia de poesia brasileira para crianças a 0 a0 1aGirassol 4aLiteratura infanto-juvenil